|
|
|
|
| LEADER |
02242nam a22003615i 4500 |
| 001 |
39494 |
| 003 |
BD-DhAAL |
| 005 |
20260429133955.0 |
| 008 |
220829t2020 bg 000 0 benod |
| 010 |
|
|
|a 2019337575
|
| 020 |
|
|
|a 9789845063302
|
| 025 |
|
|
|a B-B-2019337575; 21-92
|
| 037 |
|
|
|b Library of Congress -- New Delhi Overseas Office
|
| 040 |
|
|
|a DLC
|b eng
|e rda
|c DLC
|d BD-DhAAL
|
| 041 |
|
|
|a ben
|
| 042 |
|
|
|a lcode
|
| 082 |
|
|
|a 954.9205
|2 23
|
| 245 |
0 |
0 |
|a হিন্দু জনগোষ্ঠীর একাত্তর /
|c সম্পাদনা আফসান চৌধুরী.
|
| 246 |
|
|
|a Hindu janagoshthir ekattor.
|
| 260 |
|
|
|a ঢাকা :
|b ইউনিভার্সিটি প্রেস লিমিটেড,
|c ২০২০ [দ্বিতীয় মুদ্রণ ২০২২].
|
| 300 |
|
|
|a xiv,২০১ পৃষ্ঠা ;
|c ২২ সে.মি.
|
| 520 |
|
|
|a On the history and struggle of Hindu community from Bangladesh, during 1971 Liberation war.
|
| 526 |
|
|
|a GenEd
ENH
|x Sabreena Ahmed, PhD
Associate Professor
Department of English and Humanities
BRAC University
Course name and No. : The Modern World ''(HST 102)'' & Comparative Revaluations ''(HST 202)''
|
| 541 |
|
|
|a Book Finder International
|e 39494, 45433
|
| 546 |
|
|
|a In Bengali.
|
| 651 |
|
|
|a Bangladesh
|x History
|y Revolution, 1971.
|9 51164
|
| 651 |
|
|
|a বাংলাদেশ
|x ইতিহাস
|y মুক্তিযুদ্ধ, ১৯৭১.
|9 51165
|
| 700 |
|
|
|a চৌধুরী, আফসান.
|9 51166
|
| 852 |
|
|
|a Ayesha Abed Library
|c General Stacks
|
| 942 |
|
|
|2 ddc
|c BK
|
| 999 |
|
|
|c 44706
|d 44706
|
| 952 |
|
|
|0 0
|1 0
|2 ddc
|4 0
|6 954_920500000000000_HIN
|7 0
|9 71545
|a SCL
|b SCL
|c GEN
|d 2022-08-03
|e Book Finder International
|g 353.95
|l 3
|m 1
|o 954.9205 HIN
|p 3020039494
|r 2022-12-11
|s 2022-12-05
|t 1
|v 0.00
|w 2022-08-03
|y BK
|
| 952 |
|
|
|0 0
|1 0
|2 ddc
|4 0
|6 954_920500000000000_HIN
|7 0
|9 78837
|a BRACUL
|b BRACUL
|c BNC
|d 2026-03-05
|e Book Finder International
|g 330.00
|l 0
|o 954.9205 HIN
|p 3010045433
|r 2026-03-05
|t 1
|v 660.00
|w 2026-03-05
|y BK
|x Requisitioned by Sabreena Ahmed, PhD (Assistant Professor, Department of English and Humanities, BRAC University) for the course named- The Modern World ''(HST 102)'' & Comparative Revaluations ''(HST 202)''
|